Normal view
MARC view
Entry Personal Name
001 - CONTROL NUMBER
- control field: 72732
003 - CONTROL NUMBER IDENTIFIER
- control field: dpl
005 - DATE AND TIME OF LATEST TRANSACTION
- control field: 20241011154114.0
008 - FIXED-LENGTH DATA ELEMENTS
- fixed length control field: 241011|| aca||aabn | a|a d
040 ## - CATALOGING SOURCE
- Original cataloging agency: dpl
- Transcribing agency: dpl
100 ## - HEADING--PERSONAL NAME
- Personal name: आनंद, ममता
670 ## - SOURCE DATA FOUND
- Source citation: Work cat.: (dpl)206344: आनंद, ममता , एस. राधाकृष्णन: व्यक्तित्व और कृतित्व /, 2024
